000 00668nam a2200205Ia 4500
003 GCL
008 140319s9999 xx 000 0 ara d
040 _aGCL /
_cGCL
082 0 4 _a813.009
_bع ر
100 1 _aعبدالرحمن ابوعوف
245 1 0 _aالرؤى المتغيرة فى روايات نجيب محفوظ /
_cعبدالرحمن ابوعوف
260 _a[S.N] :
_bالهيئة المصرية العامة للكتاب ،
_c1991
300 _a175 ص
490 _aدراسات ادبية
_v0
650 0 4 _aالادب العربى
650 0 4 _aالقصة
650 0 4 _aنجيب محفوظ
650 0 4 _aتاريخ ونقد
942 _2ddc
_cBK
999 _c30262
_d30262